| Tag |
First Indicator |
Second Indicator |
Subfields |
| LEADER |
00000cam a2200000Ia 4500 |
| 001 |
in00002247421 |
| 005 |
20151105054208.0 |
| 008 |
070516s2006 gw a 001 0 eng d |
| 020 |
|
|
|a 3937718958
|
| 020 |
|
|
|a 9783937718958
|
| 029 |
1 |
|
|a YDXCP
|b 2409678
|
| 035 |
|
|
|a (OCoLC)ocn128154179
|
| 035 |
|
|
|a (OCoLC)128154179
|
| 040 |
|
|
|a NJB
|c NJB
|d YDXCP
|d BTCTA
|d TXA
|d UtOrBLW
|
| 041 |
1 |
|
|a eng
|h ger
|
| 049 |
|
|
|a TXAM
|
| 090 |
|
|
|a TR860
|b .B43 2006
|
| 100 |
1 |
|
|a Bartholdy, Björn.
|
| 245 |
1 |
0 |
|a Showreel.01.
|p 53 projects on audiovisual design /
|c [edited and written by Björn Bartholdy ; English translation by Nicola Barnes].
|
| 246 |
3 |
0 |
|a 53 projects on audiovisual design
|
| 264 |
|
1 |
|a Cologne ;
|a New York :
|b Daab,
|c [2006]
|
| 264 |
|
4 |
|c ©2006
|
| 300 |
|
|
|a 399 pages :
|b chiefly color illustrations ;
|c 25 x 26 cm. +
|e 1 videodisc (sound, color ; 4 3/4 in.)
|
| 336 |
|
|
|a text
|b txt
|2 rdacontent
|
| 337 |
|
|
|a unmediated
|b n
|2 rdamedia
|
| 338 |
|
|
|a volume
|b nc
|2 rdacarrier
|
| 500 |
|
|
|a Includes agency index.
|
| 500 |
|
|
|a DVD contains complete or partial audivisual works described in the text.
|
| 505 |
0 |
|
|a Commercials -- Music video -- Film design -- Short film -- Broadcast design -- Agency profile.
|
| 650 |
|
0 |
|a Digital cinematography
|v Pictorial works.
|
| 650 |
|
0 |
|a Television graphics
|v Pictorial works.
|
| 938 |
|
|
|a YBP Library Services
|b YANK
|n 2409678
|
| 938 |
|
|
|a Baker and Taylor
|b BTCP
|n BK0006651201
|
| 994 |
|
|
|a C0
|b TXA
|
| 948 |
|
|
|a cataloged
|b h
|c 2007/6/19
|d c
|e nbehmer
|f 10:48:58 am
|
| 999 |
|
|
|a MARS
|
| 999 |
f |
f |
|s ea9a8889-6ac9-3656-b568-e9484ebff6c8
|i ef96e944-e809-33e2-b176-08805652d2bf
|t 0
|
| 952 |
f |
f |
|p ric
|a Texas A&M University
|b Rellis Campus
|c Joint Library Facility
|d Remote Storage
|t 0
|e TR860 .B43 2006
|h Library of Congress classification
|i unmediated -- volume
|m A14835526119
|
| 998 |
f |
f |
|a TR860 .B43 2006
|t 0
|l Remote Storage
|